00357nam a22001337a 4500003000400000008004100004020001800045082001500063100001600078245006000094260003800154300001200192650001900204OSt240702b |||||||| |||| 00| 0 eng d a9780141016405 a658.8bGOP aGODIN, Seth aPurple cow: transform your business by being remarkable aUK:bPenguin Random House,c2019. ax,144p. aGeneral Books